Statistics for Political and Government Vocab Words in Spanish

Click here to take the quiz!

General Stats

  • This quiz has been taken 1,880 times
  • The average score is 26 of 31

Answer Stats

español English % Correct
activistaactivist
97%
elecciónelection
96%
federalfederal
95%
debatedebate
95%
congresocongress
95%
candidatocandidate
95%
dictadordictator
94%
demócratademocrat
94%
liberalliberal
93%
libertadfreedom
92%
presidentepresident
91%
votarto vote
89%
gobiernogovernment
85%
delegadodelegate
85%
minoríaminority
84%
campañacampaign
84%
ganarto win
83%
comunismocommunism
82%
conservadorconservative
82%
ideologíaideology
82%
mayoríamajority
81%
gobernadorgovernor
80%
perder lose
77%
independientesindependents
73%
leyeslaws
72%
derechosrights
71%
líderleader
71%
políticopolitician
64%
ciudadanocitizen
63%
elegidoelected
60%
apoyosupport
46%

Score Distribution

Percentile by Number Answered

Percent of People with Each Score

Your Score History

You have not taken this quiz